Sillería del coro de la antigua iglesia de San Agustín (Record no. 8036)
[ view plain ]
| 000 -CABECERA | |
|---|---|
| campo de control de longitud fija | 01025nam a2200265 a 4500 |
| 001 - NÚMERO DE CONTROL | |
| campo de control | BRCA_8368 |
| 005 - FECHA Y HORA DE LA ÚLTIMA TRANSACCIÓN | |
| campo de control | 20190320210242.0 |
| 008 - DATOS DE LONGITUD FIJA--INFORMACIÓN GENERAL | |
| campo de control de longitud fija | 300714s1941----mx-a###f##---#001-0#spa-# |
| 041 ## - CÓDIGO DE LENGUA | |
| Código de lengua del texto/banda sonora o título independiente | spa |
| 044 ## - CÓDIGO DEL PAÍS DE LA ENTIDAD EDITORA/PRODUCTORA | |
| Código MARC del país | mx |
| 050 #4 - SIGNATURA TOPOGRÁFICA DE LA BIBLIOTECA DEL CONGRESO | |
| Número de clasificación | N8023 |
| Número de documento/Ítem | .G3 1941 |
| 100 1# - ENTRADA PRINCIPAL--NOMBRE DE PERSONA | |
| Nombre de persona | García Granados, Rafael |
| 9 (RLIN) | 10174 |
| 245 10 - MENCIÓN DE TÍTULO | |
| Título | Sillería del coro de la antigua iglesia de San Agustín |
| Mención de responsabilidad, etc. | estudio e introducción de Rafael García Granados. |
| 260 ## - PUBLICACIÓN, DISTRIBUCIÓN, ETC. | |
| Lugar de publicación, distribución, etc. | México |
| Nombre del editor, distribuidor, etc. | UNAM, Instituto de Investigaciones Estéticas |
| Fecha de publicación, distribución, etc. | 1941 |
| 300 ## - DESCRIPCIÓN FÍSICA | |
| Extensión | 2 v. |
| Otras características físicas | il., 70 láminas, grabados, planos |
| Dimensiones | 36 cm. |
| 500 ## - NOTA GENERAL | |
| Nota general | Dos ejemplares consecutivos inventariados como un solo libro por el Banco de México |
| 500 ## - NOTA GENERAL | |
| Nota general | Incluye índice de ilustraciones |
| 500 ## - NOTA GENERAL | |
| Nota general | R106 |
| 505 0# - NOTA DE CONTENIDO CON FORMATO | |
| Nota de contenido con formato | v.1 Planta y alzado del salón ´El Generalito´.-- v.2 Tablilla del coro |
| 610 24 - PUNTO DE ACCESO ADICIONAL DE MATERIA--NOMBRE DE ENTIDAD CORPORATIVA | |
| Nombre de entidad corporativa o nombre de jurisdicción como elemento de entrada | Iglesia de San Agustín |
| Subdivisión de forma | Arquitectura colonial |
| Subdivisión geográfica | Ciudad de México |
| 9 (RLIN) | 20969 |
| 650 14 - PUNTO DE ACCESO ADICIONAL DE MATERIA--TÉRMINO DE MATERIA | |
| Término de materia o nombre geográfico como elemento de entrada | Sillerías del coro |
| 9 (RLIN) | 10208 |
| 650 14 - PUNTO DE ACCESO ADICIONAL DE MATERIA--TÉRMINO DE MATERIA | |
| Término de materia o nombre geográfico como elemento de entrada | Arquitectura religiosa |
| 9 (RLIN) | 4011 |
| 902 ## - CATALOGADOR | |
| Iniciales | GFM |
| 942 ## - ELEMENTOS DE PUNTO DE ACCESO ADICIONAL (KOHA) | |
| Fuente del sistema de clasificación o colocación | Library of Congress Classification |
| Tipo de ítem Koha | Libros |
| Estado de retiro | Estado de pérdida | Estado dañado | No para préstamo | Localización permanente | Ubicación/localización actual | Fecha de adquisición | Número de inventario | Total de préstamos | Signatura topográfica completa | Código de barras | Fecha visto por última vez | Precio válido a partir de | Tipo de ítem Koha |
|---|---|---|---|---|---|---|---|---|---|---|---|---|---|
| El ejemplar forma parte de la colección y puede ser consultado según las políticas vigentes. | Biblioteca del Museo Franz Mayer (Rogerio Casas-Alatriste) | Biblioteca del Museo Franz Mayer (Rogerio Casas-Alatriste) | 30/07/2014 | R106 | N8023 .G3 1941 (R106) | 8992 | 22/03/2019 | 22/03/2019 | Libros |